| 000 | 00999nam a2200205Ia 4500 | ||
|---|---|---|---|
| 008 | 0000002007 sp ad 0000000000spa00 | ||
| 090 | _aPSP00 S91p | ||
| 245 | 1 | 0 |
_aPablo Sycet _b: los papeles de Olont (19822007) _c/ textos Juan Angona ...[et al.] ; fotografías Pablo Sycet, Luis Jurado, Alberto García Alix |
| 300 |
_a96 p. _c/ 22 cm. + 1 CD |
||
| 500 | _aIncluye CD, consultarlo bajo clasificación PSP05 S91p \ Donación de Carlos Jiménez | ||
| 600 | 0 | 0 |
_a SYCET, PABLO, 1953/ _xTRABAJOS PICTORICOS |
| 650 | 1 | 4 | _a PINTURA ESPAÑOLA |
| 650 | 1 | 4 | _aARTE CONTEMPORANEO ESPAÑOL |
| 650 | 1 | 4 | _aARTISTAS PLASTICOS ESPAÑOLES |
| 650 | 1 | 4 | _xCATALOGOS |
| 650 | 1 | 4 | _xEXPOSICIONES |
| 650 | 1 | 4 | _aPINTURA DE PAISAJES ESPAÑOLA |
| 700 | 1 | _aAngona, Juan \ Cobos Wilkins, Juan \ Rivas, Francisco \ Rueda, José María \ Danvila, José Ramón \ Loarce, José Luis \ Muñoz Molina, Antonio \ Berrio, Javier | |
| 999 |
_c14187 _d14187 |
||
| 260 |
_aGibraleon, Huelva : Convento Nuestra Señora del Vado _c2007 |
||